Pays sans 1/2 lettres #3 (péninsule arabique) - Statistiques

Statistiques générales
  • Ce quiz a été pris 215 fois
  • Le résultat moyen est 7 sur 7
Statistiques - réponses
Sans 1/2 lettres Pays % Correct
Q_t_r Qatar
100%
Y_m_n Yemen
100%
O_a_ Oman
98%
K_w_i_ Koweit
96%
A_a_i_ s_o_d_t_ Arabie saoudite
94%
B_h_e_n Bahrein
92%
E_i_a_s _r_b_ u_i_ Emirats arabes unis
92%
Aucun quiz correspondant
Distribution des résultats
% des personnes avec chaque résultat
Percentile par nombre de réponses
Votre historique - résultats
Vous n’avez pas pris ce quiz